| 000 | 00573nam a2200229Ia 4500 | ||
|---|---|---|---|
| 003 | OSt | ||
| 005 | 20221005123906.0 | ||
| 006 | a|||||r|||| 00| 0 | ||
| 007 | ta | ||
| 008 | 221004b |||||||| |||| 00| 0 kan d | ||
| 024 | _a60609 | ||
| 037 | _cTextual | ||
| 040 |
_aCRL _cCRL _bkan |
||
| 041 |
_2kan _akan |
||
| 082 | _aO33,3N122,1, J1 | ||
| 100 |
_aMani Au. _9627791 |
||
| 245 | 0 | _aManaswini mattu itar kathegalu | |
| 260 | _c1951 | ||
| 650 | _aKANNAD FICTION | ||
| 942 |
_hO33,3N122,1, J1 _cTEXL _2cc |
||
| 999 |
_c1048815 _d1048815 |
||